000 01284nam a22003617a 4500
003 CHAP
005 20220329133756.0
008 971013s1973 r 00010 d
010 _a10715
011 _a11687
035 _a10926
040 _cCHAP
090 _aTesis
100 0 0 _aEchartea Cisneros, Edgar.
_935046
245 _aPrueba comparativa de adaptación y rendimiento de ocho variedades de remolacha forrajera (Beta vulgaris L.) regadas con aguas negras en General Escobedo, N.L.
260 _aMonterrey, N.L. :
_bEl autor,
_c1973
300 _a46 h
502 _aTesis (Ing. Agr.) -- UANL. Facultad de Agronomía
590 _aALEPH
_b10
_c20130110
_lUCH01
_h1227
590 _aBATCH-UPD
_b10
_c20130110
_lUCH01
_h0127
590 _aBATCH-UPD
_b10
_c20130110
_lUCH01
_h1924
590 _aBATCH-UPD
_b10
_c20130410
_lUCH01
_h1249
590 _aBATCH-UPD
_b10
_c20130914
_lUCH01
_h0102
590 _aCONVERSION
_b10
_c20130109
_lUCH01
_h1307
650 1 4 _aAguas residuales para irrigación.
_92591
650 1 4 _aRemolacha forrajera.
_995879
650 1 4 _aRemolacha
_xEfecto del medio ambiente.
_995858
650 1 4 _aRemolacha
_xRendimiento.
_995865
650 1 4 _aRemolacha
_xVariedades.
_995867
901 _aBK
942 _cTESIS
949 _bBC
_cTES
_d-22957
_eTS1
_i10926
_si
999 _c10715
_d10715